000 00378nam a2200157Ia 4500
003 GCL
008 140319s9999 xx 000 0 eng d
040 _aGCL /
_cGCL
082 0 4 _a952
_bT T
100 1 _aTOKURIKI, TOMIKICHIRO
245 1 0 _aTOKAIDO /
_cTOKURIKI, TOMIKICHIRO
260 _a[S.N] :
_bHOIKUSHA ،
_c1993
300 _a124 P
650 0 4 _aJAPAN
942 _2ddc
_cBK
999 _c19653
_d19653